000
00259nam a22001217a 4500
008
170207b xxu||||| |||| 00| 0 eng d
041
_a
eng
080
_a
61
100
_a
4
101
_a
SHM
245
_a
CLINICAL PRACTICE
_c
ANDREW ZELENETZ
942
_2
udc
_c
BK
999
_c
4801
_d
4801